Deutsche Lieder nach Buchstabe - C - Statistiken

Allgemein
  • Dieses Quiz wurde 230 mal gespielt
  • Das Durchschnittsergebnis liegt bei 5 aus 18
Antwortstatistiken
Titel Interpret % Korrekt
Chöre Mark Forster
77%
Cello Udo Lindenberg feat. Clueso
77%
Cherry Lady Capital Bra
55%
Chabos wissen wer der Babo ist Haftbefehl
48%
Casanova Summer Cem feat. Bausa
35%
Copacabana Leon Machère
32%
Cordula Grün Josh
31%
Cataleya Samra
27%
Codo … düse im Sauseschritt DÖF
25%
Cowboy und Indianer Olaf Henning
16%
Cruisen Massive Töne
14%
Computerliebe (Die Module spielen verrückt) Das Modul
12%
Clickbait Kelly
9%
Columbo Wanda
9%
Cluburlaub Schnipo Schranke
6%
Casablanca City
4%
Cindy, oh Cindy Margot Eskens
4%
Computerstaat Abwärts
3%
Keine übereinstimmenden Quizze gefunden
Verteilung der Resultate
Anzahl Personen mit jedem Resultat
Perzentil nach korrekt beantworteten Fragen
Ihre Resultats-Entwicklung
Sie haben dieses Quiz noch nicht gespielt